Statistics for Ajax most expenisive outgoing transfers

Click here to take the quiz!

General Stats

  • This quiz has been taken 47 times
  • The average score is 14 of 17

Answer Stats

pricenationalityyearfromtoAnswer% Correct
86 mlnNetherlands19/20ajaxFC BarcelonaDe Jong
100%
85,50 mlnNetherlands19/20ajaxJuventusDe Ligt
100%
95 mlnBrazil22/23ajaxManchester UnitedAntony
95%
57,37 mlnArgentina22/23ajaxManchester UnitedMartinez
95%
26,50 mlnUruguay10/11ajaxLiverpoolSuarez
95%
40 mlnMorocco20/21ajaxChelseaZiyech
95%
42 mlnColombia17/18ajaxTottenham HotspurSanchez
88%
39 mlnNetherlands20/21ajaxManchester UnitedVan de Beek
85%
21 mlnUSA20/21ajaxFC BarcelonaDest
83%
31 mlnIvory Coast22/23ajaxBorussia DortmundHaller
83%
32 mlnPoland16/17ajaxNapoliMilik
80%
20,50 mlnDenmark19/20ajaxOGC NiceDolberg
78%
18,50 mlnNetherlands22/23ajaxBayern MunchenGravenberch
78%
27 mlnNetherlands07/08ajaxReal MadridSneijder
63%
27 mlnNetherlands17/18ajaxEvertonKlaassen
58%
27 mlnNetherlands08/09ajaxReal MadridHuntelaar
48%
18 mlnRomania03/04ajaxAS RomaChivu
35%

Score Distribution

Percentile by Number Answered

Percent of People with Each Score

Your Score History

You have not taken this quiz